Statistiques concernant Quiz - Les Présidents et dirigeants actuel du monde

Cliquez ici pour prendre le quiz!

Statistiques générales

  • Ce quiz a été pris 152 fois
    (108 depuis la dernière actualisation)
  • Le résultat moyen est 8 sur 15

Statistiques - réponses

HintRéponse% Correct
FranceEmmanuel Macron
100%
Etats-UnisJoe Biden
99%
RussieVladimir Poutine
94%
Corée du NordKim Jong-un
74%
TurquieRecep Tayyip Erdoğan
74%
ChineXi Jinping
73%
UkraineVolodymyr Zelensky
67%
CanadaJustin Trudeau
57%
ArgentineJavier Milei
46%
AllemagneOlaf Scholz
46%
SénégalBassirou Diomaye Faye
29%
BrésilLuiz Inacio Lula Da Silva
27%
RwandaPaul Kagamé
24%
CamerounPaul Biya
20%
République du CongoDenis Sassou-Nguesso
11%

Distribution des résultats

Percentile par nombre de réponses

% des personnes avec chaque résultat

Votre développement - résultats

Vous n’avez pas pris ce quiz depuis la dernière actualisation